Statistics for Top 50 Songs of 2018

Click here to take the quiz!

General Stats

  • This quiz has been taken 11 times
  • The average score is 8 of 50

Answer Stats

# Song Artist % Correct
4Thank U, NextAriana Grande
89%
29God's PlanDrake
78%
1Sicko ModeTravis Scott ft. Drake, Swae Lee & Big Hawk
56%
2Nice for WhatDrake
56%
14In My FeelingsDrake
56%
31PsychoPost Malone ft. Ty Dolla $ign
56%
7Look AliveBlocBoy JB ft. Drake
56%
24I Like ItCardi B, J Balvin, & Bad Bunny
44%
22NonstopDrake
33%
49This Is AmericaChildish Gambino
33%
12TasteTyga ft. Offset
22%
25Never RecoverLil Baby ft. Drake & Gunna
22%
18Yes IndeedLil Baby ft. Drake
22%
23Stop Trying to Be GodTravis Scott ft. James Blake, Kid Cudi, Philip Bailey, & Stevie Wonder
22%
21Apesh*tBeyoncé & JAY-Z
22%
43RebornKids See Ghosts
11%
34OkraTyler, the Creator
11%
32Big ShotKendrick Lamar & Travis Scott
11%
44PowerglideRae Sremmurd ft. Juicy J
11%
48Pretty Little Fears6lack ft. J. Cole
11%
27Space CadetMetro Boomin ft. Gunna
11%
50TripElla Mai & Jacquees
11%
20If You Know You KnowPusha T
11%
3Drip Too HardLil Baby & Gunna
11%
5The Story of AdidonPusha T
11%
13OffshoreSwae Lee ft. Young Thug
11%
10Praise the Lord (Da Shine)A$AP Rocky ft. Skepta
11%
9King's DeadJay Rock, Kendrick Lamar, Future & James Blake
11%
19Make Me FeelJanelle Monáe
11%
40TintsAnderson .Paak ft. Kendrick Lamar
0%
47Womp WompValee ft. Jeremih
0%
46Choppa Won't MissPlayboi Carti
0%
45Wasted TimesThe Weeknd
0%
6No BystandersTravis Scott
0%
8Last Time That I Checc'dNipsey Hussle ft. YG
0%
42HittasLil Wayne
0%
41GmailSheck Wes
0%
371985 (Intro to The Fall Off)J. Cole
0%
39D'EvilsSiR
0%
38FreelanceToro y Moi
0%
36High HorseKacey Musgraves
0%
355's and 6'sPayroll Giovanni and Cardo
0%
33ES TalesJay Rock
0%
11The Games We PlayPusha T
0%
30After the StormKali Uchis ft. Tyler, the Creator & Bootsy Collins
0%
28The DistanceMariah Carey ft. Ty Dolla $ign
0%
15Te Boté (Remix)Bad Bunny
0%
16R.E.M.Ariana Grande
0%
17Charcoal BabyBlood Orange
0%
26What's FreeMeek Mill ft. JAY-Z & Rick Ross
0%

Score Distribution

Percentile by Number Answered

Percent of People with Each Score

Your Score History

You have not taken this quiz